[Event "CAN-ch"]
[Site "Kitchener CAN"]
[Date "2007.08.02"]
[Round "3"]
[White "Predescu, Sebastian"]
[Black "Mikanovic, Goran"]
[Result "1/2-1/2"]
[WhiteElo "2236"]
[BlackElo "2303"]
[PlyCount "255"]
[GameId "2160767910580027"]
[EventDate "2007.08.01"]
[EventType "swiss"]
[EventRounds "9"]
[EventCountry "CAN"]
[SourceTitle "EXT 2022"]
[Source "ChessBase"]
[SourceDate "2021.10.06"]
[SourceVersion "1"]
[SourceVersionDate "2021.10.06"]
[SourceQuality "1"]

1. e4 c5 2. Nf3 e6 3. d4 cxd4 4. Nxd4 a6 5. Bd3 Bc5 6. Nb3 Be7 7. Qg4 g6 8. Qe2 d6 9. O-O Nd7 10. a4 b6 11. a5 b5 12. c4 bxc4 13. Bxc4 Bb7 14. Nc3 Qc7 15. Bf4 Ngf6 16. Nd2 O-O 17. Rfc1 Rfc8 18. Bd3 Nh5 19. Be3 Qd8 20. Nc4 Nhf6 21. Na4 d5 22. exd5 Nxd5 23. Nab6 N7xb6 24. Nxb6 Nxb6 25. axb6 Rxc1+ 26. Rxc1 Bd6 27. f3 Rc8 28. Rd1 Bc5 29. Bxc5 Rxc5 30. b4 Rd5 31. Qe3 Rd6 32. Kf1 Qxb6 33. Qxb6 Rxb6 34. Rb1 Kf8 35. b5 axb5 36. Rxb5 Rd6 37. Rxb7 Rxd3 38. Ke2 Ra3 39. Rb2 Kg7 40. h4 Kf6 41. g3 h6 42. Kf2 Rc3 43. Ra2 Rd3 44. Rb2 g5 45. hxg5+ hxg5 46. Ra2 Kf5 47. Ra4 Rd2+ 48. Ke3 Rg2 49. g4+ Kf6 50. Ra3 Rb2 51. Rc3 Rb5 52. Ra3 Ke5 53. Rc3 f6 54. Ra3 Rc5 55. Rb3 Kd5 56. Ra3 Rc6 57. Rb3 Rc4 58. Rb5+ Kc6 59. Rb3 Rc1 60. Ra3 Re1+ 61. Kf2 Re5 62. Rd3 Rd5 63. Ra3 Kd6 64. Ke3 Ke5 65. Rb3 Rc5 66. Ra3 Rc4 67. Ra5+ Kd6 68. Ra6+ Ke7 69. Ra7+ Ke8 70. Ra6 Kf7 71. Ra7+ Kf8 72. Ra6 Kf7 73. Ra7+ Kg6 74. Ra3 Rf4 75. Kf2 e5 76. Kg3 Rd4 77. Rb3 Kf7 78. Ra3 Ke6 79. Rb3 Kd5 80. Rb6 Rf4 81. Rb3 Rc4 82. Ra3 Rc6 83. Rb3 Kd4 84. Ra3 Kc4 85. Kf2 Rb6 86. Kg3 Kd4 87. Kf2 Rc6 88. Kg3 Kd5 89. Rb3 Ra6 90. Rc3 e4 91. fxe4+ Kxe4 92. Rb3 Rd6 93. Rb4+ Rd4 94. Rb6 Rd3+ 95. Kg2 Ke5 96. Ra6 Rd6 97. Ra3 Ke4 98. Ra4+ Rd4 99. Ra6 Ke5 100. Kg3 Rd6 101. Ra3 Ke4 102. Ra4+ Ke3 103. Ra3+ Ke2 104. Ra2+ Kd1 105. Ra1+ Kc2 106. Ra2+ Kb3 107. Rf2 Kc3 108. Rf5 Kd3 109. Ra5 Ke3 110. Ra3+ Ke4 111. Ra4+ Rd4 112. Ra6 Rd3+ 113. Kg2 Ke5 114. Ra5+ Rd5 115. Ra6 Kf4 116. Rxf6+ Kxg4 117. Ra6 Rd2+ 118. Kg1 Kh4 119. Ra3 Re2 120. Rb3 g4 121. Ra3 Kg5 122. Rb3 Kf4 123. Ra3 Re4 124. Kg2 Rc4 125. Rb3 Kg5 126. Ra3 Kh4 127. Rb3 g3 128. Rb8 1/2-1/2

[Event "CAN-ch"]
[Site "Kitchener CAN"]
[Date "2007.08.02"]
[Round "3"]
[White "Sundar, Avinaash"]
[Black "Mayo, Alvah"]
[Result "0-1"]
[WhiteElo "2086"]
[BlackElo "2110"]
[PlyCount "120"]
[GameId "2160767910580028"]
[EventDate "2007.08.01"]
[EventType "swiss"]
[EventRounds "9"]
[EventCountry "CAN"]
[SourceTitle "EXT 2022"]
[Source "ChessBase"]
[SourceDate "2021.10.06"]
[SourceVersion "1"]
[SourceVersionDate "2021.10.06"]
[SourceQuality "1"]

1. c4 g6 2. Nc3 c5 3. g3 Bg7 4. Bg2 Nf6 5. Nf3 Nc6 6. O-O O-O 7. d4 cxd4 8. Nxd4 Qb6 9. Nb3 d6 10. Be3 Qb4 11. c5 Ng4 12. Bg5 dxc5 13. Bxc6 bxc6 14. Bxe7 Be6 15. Nxc5 Qxb2 16. Nxe6 fxe6 17. Bxf8 Rxf8 18. Qd6 Nxf2 19. Qxe6+ Kh8 20. Ne4 Qb6 21. Rab1 Qe3 22. Rxf2 Rxf2 23. Rb3 Rf6+ 24. Rxe3 Rxe6 25. Rd3 Bb2 26. Rd8+ Kg7 27. Rd7+ Kh6 28. Rxh7+ Kxh7 29. Ng5+ Kg8 30. Nxe6 Kf7 31. Nd8+ Ke7 32. Nxc6+ Kd6 33. Nb4 Bc3 34. Nd3 Kc6 35. a4 Kb6 36. e4 Ka5 37. e5 Kxa4 38. e6 Bf6 39. Nf4 Kb3 40. Nxg6 a5 41. e7 Bxe7 42. Nxe7 a4 43. Nc6 a3 44. Nd4+ Kb2 45. Kg2 a2 46. g4 a1=Q 47. Nf5 Qa8+ 48. Kg3 Qb8+ 49. Kh4 Qxh2+ 50. Kg5 Qh3 51. Nh6 Kc3 52. Kg6 Kd4 53. g5 Ke4 54. Kg7 Qc3+ 55. Kh7 Qc7+ 56. Kg6 Qd6+ 57. Kg7 Qe5+ 58. Kg6 Kf4 59. Nf7 Qe6+ 60. Kg7 Kf5 0-1

[Event "CAN-ch"]
[Site "Kitchener CAN"]
[Date "2007.08.02"]
[Round "3"]
[White "Zubac, Marius"]
[Black "Hua, Lefong"]
[Result "0-1"]
[WhiteElo "2194"]
[BlackElo "2323"]
[PlyCount "62"]
[GameId "2160767910580030"]
[EventDate "2007.08.01"]
[EventType "swiss"]
[EventRounds "9"]
[EventCountry "CAN"]
[SourceTitle "EXT 2022"]
[Source "ChessBase"]
[SourceDate "2021.10.06"]
[SourceVersion "1"]
[SourceVersionDate "2021.10.06"]
[SourceQuality "1"]

1. d4 Nf6 2. c4 c5 3. d5 e6 4. Nc3 exd5 5. cxd5 d6 6. e4 g6 7. Bd3 Bg7 8. Nge2 O-O 9. O-O Ng4 10. h3 Ne5 11. Bb1 Nc4 12. Qd3 b5 13. a4 Ne5 14. Qxb5 Na6 15. Qb3 Rb8 16. Qd1 Qa5 17. Ra3 Nb4 18. b3 Ba6 19. f4 Ned3 20. Bd2 c4 21. bxc4 Qc5+ 22. Kh2 Nb2 23. Qc1 Nxc4 24. Nb5 Bxb5 25. axb5 Bb2 26. Rb3 Bxc1 27. Bxb4 Qxb5 28. Rxc1 Qa4 29. Rbc3 Rxb4 30. Nd4 Na3 31. Nc2 Nxb1 0-1

[Event "CAN-ch"]
[Site "Kitchener CAN"]
[Date "2007.08.03"]
[Round "4"]
[White "Barron, Michael"]
[Black "Gentes, Kevin"]
[Result "1/2-1/2"]
[WhiteElo "2228"]
[BlackElo "2307"]
[PlyCount "86"]
[GameId "2160767910580031"]
[EventDate "2007.08.01"]
[EventType "swiss"]
[EventRounds "9"]
[EventCountry "CAN"]
[SourceTitle "EXT 2022"]
[Source "ChessBase"]
[SourceDate "2021.10.06"]
[SourceVersion "1"]
[SourceVersionDate "2021.10.06"]
[SourceQuality "1"]

1. e4 c5 2. Nf3 d6 3. d4 cxd4 4. Nxd4 Nf6 5. Nc3 a6 6. Be2 e6 7. O-O Be7 8. a4 Nc6 9. Be3 O-O 10. f4 Qc7 11. Kh1 Rd8 12. Qe1 Nxd4 13. Bxd4 e5 14. Be3 exf4 15. Bxf4 Be6 16. Bd3 Nd7 17. Nd5 Bxd5 18. exd5 Bf6 19. Qg3 Nf8 20. c3 Ng6 21. Be3 Qe7 22. Bb6 Re8 23. a5 Qe5 24. Qf3 Qg5 25. Rad1 Re7 26. Bc2 Rae8 27. Ba4 Rf8 28. g3 Ne5 29. Qf4 Qh5 30. Bg1 Bg5 31. Qf2 Ng4 32. Qg2 Be3 33. Rde1 Bxg1 34. Kxg1 Ne3 35. Qf3 Qxf3 36. Rxf3 Nxd5 37. Rd1 Re5 38. Bb3 Nf6 39. Rxd6 Rxa5 40. Rb6 Ra1+ 41. Kg2 Rb8 42. Re3 Kf8 43. Bc4 Ng4 1/2-1/2

[Event "CAN-ch"]
[Site "Kitchener CAN"]
[Date "2007.08.03"]
[Round "4"]
[White "Guo, Joshua"]
[Black "Milicevic, Goran"]
[Result "1/2-1/2"]
[WhiteElo "2214"]
[BlackElo "2302"]
[PlyCount "70"]
[GameId "2160767910580032"]
[EventDate "2007.08.01"]
[EventType "swiss"]
[EventRounds "9"]
[EventCountry "CAN"]

1. e4 e6 2. d4 d5 3. e5 c5 4. c3 Nc6 5. Nf3 Qb6 6. Bd3 cxd4 7. cxd4 Bd7 8. O-O Nxd4 9. Nxd4 Qxd4 10. Nc3 a6 11. Qe2 Ne7 12. Kh1 Nc6 13. f4 Nb4 14. Rd1 Bc5 15. Bxa6 Qf2 16. Qxf2 Bxf2 17. Be2 Bc6 18. Rf1 Bb6 19. Bd2 Nc2 20. Rab1 Ne3 21. Rfe1 O-O 22. a3 f6 23. Bxe3 Bxe3 24. Bg4 f5 25. Rxe3 d4 26. Rd3 dxc3 27. Bf3 c2 28. Rc1 Rac8 29. Rxc2 Bxf3 30. Rxc8 Rxc8 31. gxf3 Rc1+ 32. Kg2 Rc2+ 33. Kg3 Rxb2 34. Rd7 Kf8 35. h4 h6 1/2-1/2

[Event "CAN-ch"]
[Site "Kitchener CAN"]
[Date "2007.08.03"]
[Round "4"]
[White "Hua, Lefong"]
[Black "Predescu, Sebastian"]
[Result "1/2-1/2"]
[WhiteElo "2323"]
[BlackElo "2236"]
[PlyCount "160"]
[GameId "2160767910580034"]
[EventDate "2007.08.01"]
[EventType "swiss"]
[EventRounds "9"]
[EventCountry "CAN"]
[SourceTitle "EXT 2022"]
[Source "ChessBase"]
[SourceDate "2021.10.06"]
[SourceVersion "1"]
[SourceVersionDate "2021.10.06"]
[SourceQuality "1"]

1. d4 Nf6 2. c4 g6 3. Nc3 Bg7 4. e4 d6 5. f4 O-O 6. Nf3 c5 7. d5 e6 8. Be2 exd5 9. cxd5 Bg4 10. O-O Nbd7 11. Re1 Re8 12. h3 Bxf3 13. Bxf3 Qa5 14. Be3 b5 15. a3 Rab8 16. Qc2 Qc7 17. Re2 b4 18. axb4 Rxb4 19. Bf2 Reb8 20. Ra2 c4 21. Rxa7 Qc8 22. e5 Rxb2 23. Qxb2 Rxb2 24. Rxb2 dxe5 25. Rba2 exf4 26. d6 Nf8 27. Nd5 Qe6 28. Nxf6+ Bxf6 29. d7 c3 30. R2a6 Qe7 31. Rc6 Nxd7 32. Rc8+ Kg7 33. Bg4 Qb4 34. Rxd7 Qb1+ 35. Bd1 Be5 36. Rd5 f6 37. h4 f3 38. Rd7+ Kh6 39. Be3+ Kh5 40. Kf2 g5 41. hxg5 fxg5 42. gxf3 Bf4 43. Bxf4 gxf4 44. Rd5+ Kh4 45. Rxc3 Qa2+ 46. Be2 Qxd5 47. Rc4 Kg5 48. Re4 h5 49. Bf1 Qc5+ 50. Kg2 Qc3 51. Re2 Kh4 52. Kf2 Qd4+ 53. Kg2 Qg7+ 54. Kh1 Qa1 55. Kg2 Qc3 56. Kf2 Kg5 57. Kg2 h4 58. Kf2 Qc5+ 59. Kg2 Kf5 60. Kh2 Qc3 61. Bh3+ Kg5 62. Kg2 Qd3 63. Rf2 Qe3 64. Bg4 Qe1 65. Bh3 Kf6 66. Bg4 Ke5 67. Bh3 Kd4 68. Bg4 Ke3 69. Ra2 h3+ 70. Kh2 Qg3+ 71. Kh1 h2 72. Rg2 Qh4 73. Ra2 Qh7 74. Rg2 Qh8 75. Ra2 Qh7 76. Rg2 Qh8 77. Ra2 Qh4 78. Rg2 Qe1+ 79. Kxh2 Qh4+ 80. Kg1 Qe1+ 1/2-1/2

[Event "CAN-ch"]
[Site "Kitchener CAN"]
[Date "2007.08.03"]
[Round "4"]
[White "Jung, Hans"]
[Black "Henry, Liam"]
[Result "0-1"]
[WhiteElo "2185"]
[BlackElo "2118"]
[PlyCount "68"]
[GameId "2160767910580035"]
[EventDate "2007.08.01"]
[EventType "swiss"]
[EventRounds "9"]
[EventCountry "CAN"]
[SourceTitle "EXT 2022"]
[Source "ChessBase"]
[SourceDate "2021.10.06"]
[SourceVersion "1"]
[SourceVersionDate "2021.10.06"]
[SourceQuality "1"]

1. e4 c5 2. Nf3 d6 3. h3 Nf6 4. c3 Bd7 5. e5 dxe5 6. Nxe5 Nc6 7. d4 cxd4 8. cxd4 Nxe5 9. dxe5 Qa5+ 10. Nc3 Qxe5+ 11. Be2 e6 12. Be3 Bc5 13. Bxc5 Qxc5 14. O-O O-O 15. Ne4 Nxe4 16. Qxd7 Ng3 17. Rfe1 Nxe2+ 18. Rxe2 Qb6 19. Rc1 Rad8 20. Qa4 Rd4 21. Qc2 Rfd8 22. Qc5 Rd1+ 23. Kh2 Rxc1 24. Qxc1 Qd6+ 25. Kg1 h6 26. Rc2 Rd7 27. Rc8+ Kh7 28. Qc2+ f5 29. g3 Qe5 30. Kf1 Qd5 31. Qb3 Qh1+ 32. Ke2 Rd5 33. Rc3 Qxh3 34. Rc4 Qh5+ 0-1

[Event "CAN-ch"]
[Site "Kitchener CAN"]
[Date "2007.08.03"]
[Round "4"]
[White "Livshits, Ron"]
[Black "Ochkoos, Jura"]
[Result "1-0"]
[WhiteElo "2316"]
[BlackElo "2319"]
[PlyCount "73"]
[GameId "2160767910580036"]
[EventDate "2007.08.01"]
[EventType "swiss"]
[EventRounds "9"]
[EventCountry "CAN"]
[SourceTitle "EXT 2022"]
[Source "ChessBase"]
[SourceDate "2021.10.06"]
[SourceVersion "1"]
[SourceVersionDate "2021.10.06"]
[SourceQuality "1"]

1. d4 d5 2. c4 e6 3. Nc3 c6 4. Nf3 dxc4 5. e3 b5 6. a4 Bb4 7. Bd2 a5 8. axb5 Bxc3 9. Bxc3 cxb5 10. b3 Bb7 11. bxc4 b4 12. Bb2 Nf6 13. Bd3 O-O 14. O-O Nbd7 15. Qc2 Re8 16. c5 Qc7 17. e4 h6 18. Rfe1 Bc6 19. Qd2 Qb7 20. Qf4 a4 21. d5 exd5 22. exd5 Bxd5 23. Rxe8+ Nxe8 24. Re1 a3 25. Bxg7 Kxg7 26. Qg4+ Kf8 27. Qh5 Qc6 28. Nd4 a2 29. Nxc6 a1=Q 30. Rxa1 Rxa1+ 31. Bf1 Bxc6 32. Qxh6+ Kg8 33. Qxc6 Ndf6 34. Qb7 Rb1 35. g4 b3 36. g5 Nh5 37. Qb4 1-0

[Event "CAN-ch"]
[Site "Kitchener CAN"]
[Date "2007.08.03"]
[Round "4"]
[White "Mayo, Alvah"]
[Black "Bailey, Doug"]
[Result "0-1"]
[WhiteElo "2110"]
[BlackElo "2274"]
[PlyCount "66"]
[GameId "2160767910580038"]
[EventDate "2007.08.01"]
[EventType "swiss"]
[EventRounds "9"]
[EventCountry "CAN"]
[SourceTitle "EXT 2022"]
[Source "ChessBase"]
[SourceDate "2021.10.06"]
[SourceVersion "1"]
[SourceVersionDate "2021.10.06"]
[SourceQuality "1"]

1. e4 c5 2. Nc3 Nc6 3. f4 g6 4. Nf3 Bg7 5. Bb5 Nd4 6. O-O Nh6 7. Bc4 Rb8 8. a4 b6 9. Nxd4 cxd4 10. Ne2 Bb7 11. d3 O-O 12. Bb3 d5 13. e5 Nf5 14. Rf3 h5 15. Qe1 f6 16. Ng3 Nh4 17. Rf1 fxe5 18. Nxh5 Nxg2 19. Kxg2 gxh5 20. fxe5 Qd7 21. e6 Rxf1 22. Kxf1 Rf8+ 23. Kg2 Qd6 24. Bg5 Rf5 25. Qh4 Qe5 26. Bxe7 Qe2+ 27. Kg1 Qe3+ 28. Kh1 Qf3+ 29. Kg1 Rf4 30. Re1 Rxh4 31. Bxh4 Bh6 32. Bf2 Be3 33. Rf1 Qg4+ 0-1

[Event "CAN-ch"]
[Site "Kitchener CAN"]
[Date "2007.08.03"]
[Round "4"]
[White "Mikanovic, Goran"]
[Black "Hamilton, Robert"]
[Result "1/2-1/2"]
[WhiteElo "2303"]
[BlackElo "2287"]
[PlyCount "98"]
[GameId "2160767910580039"]
[EventDate "2007.08.01"]
[EventType "swiss"]
[EventRounds "9"]
[EventCountry "CAN"]
[SourceTitle "EXT 2022"]
[Source "ChessBase"]
[SourceDate "2021.10.06"]
[SourceVersion "1"]
[SourceVersionDate "2021.10.06"]
[SourceQuality "1"]

1. d4 Nf6 2. c4 d6 3. Nf3 Nbd7 4. Nc3 e5 5. e4 Be7 6. Be2 O-O 7. O-O c6 8. Re1 Re8 9. Bf1 Qc7 10. Rb1 a5 11. a3 exd4 12. Nxd4 Nc5 13. b4 axb4 14. axb4 Na6 15. Bf4 Ng4 16. h3 Ne5 17. Qd2 Bf8 18. Rec1 Bd7 19. Kh1 Qd8 20. Bg5 Be7 21. Be3 Bf6 22. Nf5 Bxf5 23. exf5 Be7 24. Rd1 Bf8 25. Bg5 f6 26. Be3 Qd7 27. Qc2 Qf7 28. Ne4 d5 29. Nc5 Nxc5 30. bxc5 Nxc4 31. Bxc4 dxc4 32. Rdc1 Rad8 33. Kh2 Rd5 34. Qxc4 Re7 35. Qc2 Ree5 36. Qb3 Re7 37. g4 Red7 38. Kg2 h5 39. Qc4 Be7 40. Rb3 Bd8 41. Rcb1 Kh7 42. gxh5 Qxh5 43. Rxb7 Qf7 44. Rxd7 Qxd7 45. Qe4 Re5 46. Qh4+ Kg8 47. Qc4+ Kh7 48. Qh4+ Kg8 49. Qc4+ Kh7 1/2-1/2

[Event "CAN-ch"]
[Site "Kitchener CAN"]
[Date "2007.08.03"]
[Round "4"]
[White "Szalay, Karoly"]
[Black "Kazmaier, Daniel"]
[Result "1-0"]
[WhiteElo "2113"]
[BlackElo "2174"]
[PlyCount "63"]
[GameId "2160767910580043"]
[EventDate "2007.08.01"]
[EventType "swiss"]
[EventRounds "9"]
[EventCountry "CAN"]
[SourceTitle "EXT 2022"]
[Source "ChessBase"]
[SourceDate "2021.10.06"]
[SourceVersion "1"]
[SourceVersionDate "2021.10.06"]
[SourceQuality "1"]

1. e4 c5 2. Nf3 Nc6 3. d4 cxd4 4. Nxd4 e5 5. Nb5 d6 6. N1c3 a6 7. Na3 Nf6 8. Bg5 b5 9. Nd5 Be7 10. Bxf6 Bxf6 11. c3 Bg5 12. Nc2 f5 13. h4 Bf6 14. Bd3 f4 15. a4 bxa4 16. Rxa4 O-O 17. b4 Bb7 18. g3 Ne7 19. Bc4 Kh8 20. Ra5 Rc8 21. Qd3 Qe8 22. Nxf6 Rxf6 23. Bxa6 Bxa6 24. Rxa6 Qg6 25. gxf4 Rxf4 26. Rxd6 Qg2 27. Rf1 Rxe4+ 28. Ne3 h6 29. Kd2 Qf3 30. Nd5 Qg2 31. Nxe7 Ra8 32. Rd8+ 1-0

[Event "CAN-ch"]
[Site "Kitchener CAN"]
[Date "2007.08.03"]
[Round "5"]
[White "Bailey, Doug"]
[Black "Guo, Joshua"]
[Result "1-0"]
[WhiteElo "2274"]
[BlackElo "2214"]
[PlyCount "89"]
[GameId "2160767910580045"]
[EventDate "2007.08.01"]
[EventType "swiss"]
[EventRounds "9"]
[EventCountry "CAN"]

1. e4 c5 2. Nf3 d6 3. d4 cxd4 4. Nxd4 Nf6 5. Nc3 a6 6. Bg5 e6 7. Qf3 Nbd7 8. O-O-O Be7 9. Be2 Qc7 10. Qg3 O-O 11. f4 Kh8 12. Bf3 Nc5 13. Rhe1 Bd7 14. Qh4 e5 15. fxe5 dxe5 16. Qg3 Rac8 17. Nf5 Bxf5 18. exf5 Na4 19. Qxe5 Qxe5 20. Rxe5 Nxc3 21. bxc3 Ba3+ 22. Kb1 Rxc3 23. Rd3 Rxd3 24. cxd3 h6 25. Bc1 Bxc1 26. Kxc1 Rc8+ 27. Kd2 Rc7 28. g4 Kg8 29. h4 Kf8 30. g5 hxg5 31. hxg5 Nd7 32. Re1 f6 33. g6 Ne5 34. Be4 Ke7 35. Rh1 Kd6 36. Rh8 b6 37. Re8 Re7 38. Rb8 Kc7 39. Rb7+ Kd8 40. Rxb6 Nc4+ 41. dxc4 Rxe4 42. Rb7 Rxc4 43. Rxg7 Rc5 44. Ra7 Rxf5 45. g7 1-0

[Event "CAN-ch"]
[Site "Kitchener CAN"]
[Date "2007.08.03"]
[Round "5"]
[White "Chung, Kevin"]
[Black "Mai, Lloyd"]
[Result "1-0"]
[WhiteElo "2217"]
[BlackElo "2211"]
[PlyCount "79"]
[GameId "2160767910580046"]
[EventDate "2007.08.01"]
[EventType "swiss"]
[EventRounds "9"]
[EventCountry "CAN"]
[SourceTitle "EXT 2022"]
[Source "ChessBase"]
[SourceDate "2021.10.06"]
[SourceVersion "1"]
[SourceVersionDate "2021.10.06"]
[SourceQuality "1"]

1. e4 c5 2. d4 cxd4 3. Nf3 d6 4. Nxd4 Nf6 5. Nc3 g6 6. Be2 Bg7 7. O-O O-O 8. Be3 Nc6 9. Nb3 Be6 10. f4 a5 11. Nd2 d5 12. exd5 Nxd5 13. Nxd5 Bxd5 14. c3 e5 15. fxe5 Nxe5 16. Bd4 Re8 17. Nf3 Ng4 18. Bxg7 Ne3 19. Qd4 Nf5 20. Qf2 Kxg7 21. Bb5 Re7 22. Rfd1 Ne3 23. Rd3 Qb6 24. Nd4 Qf6 25. Rxe3 Qxf2+ 26. Kxf2 Rxe3 27. Kxe3 Bxg2 28. Rg1 Bh3 29. Rg3 Bc8 30. Kf4 b6 31. Re3 Ra7 32. Re8 Rc7 33. Ke5 Rc5+ 34. Kd6 Bg4 35. Re5 Rc8 36. Bc6 f5 37. Re7+ Kh6 38. h4 Rf8 39. Ne6 Bd1 40. Nxf8 1-0

[Event "CAN-ch"]
[Site "Kitchener CAN"]
[Date "2007.08.03"]
[Round "5"]
[White "Henry, Liam"]
[Black "Szalay, Karoly"]
[Result "0-1"]
[WhiteElo "2118"]
[BlackElo "2113"]
[PlyCount "30"]
[GameId "2160767910580049"]
[EventDate "2007.08.01"]
[EventType "swiss"]
[EventRounds "9"]
[EventCountry "CAN"]
[SourceTitle "EXT 2022"]
[Source "ChessBase"]
[SourceDate "2021.10.06"]
[SourceVersion "1"]
[SourceVersionDate "2021.10.06"]
[SourceQuality "1"]

1. e4 e5 2. Nf3 Nc6 3. Bb5 a6 4. Ba4 Nf6 5. O-O b5 6. Bb3 Bc5 7. c3 d6 8. d4 Bb6 9. Bg5 h6 10. dxe5 hxg5 11. exf6 Qxf6 12. Qd5 Ne5 13. Qxa8 Nxf3+ 14. gxf3 Ke7 15. h3 Qxf3 0-1

[Event "CAN-ch"]
[Site "Kitchener CAN"]
[Date "2007.08.03"]
[Round "5"]
[White "Inigo, Aquino"]
[Black "Sundar, Avinaash"]
[Result "1/2-1/2"]
[WhiteElo "1852"]
[BlackElo "2086"]
[PlyCount "72"]
[GameId "2160767910580050"]
[EventDate "2007.08.01"]
[EventType "swiss"]
[EventRounds "9"]
[EventCountry "CAN"]

1. d4 Nf6 2. c4 c5 3. e3 g6 4. Nf3 Bg7 5. Be2 O-O 6. O-O cxd4 7. Nxd4 Nc6 8. b3 d5 9. Bb2 Re8 10. Nxc6 bxc6 11. cxd5 cxd5 12. Nd2 Qa5 13. Nf3 Ba6 14. a3 Rac8 15. b4 Qb6 16. Bd4 Bxe2 17. Qxe2 Qc7 18. Qb2 Qb7 19. Rac1 Rxc1 20. Rxc1 Rc8 21. Rxc8+ Qxc8 22. b5 Ne8 23. Bxg7 Nxg7 24. Nd4 Nf5 25. Nxf5 Qxf5 26. h3 Qd3 27. Qb4 e5 28. a4 d4 29. a5 dxe3 30. fxe3 Qxe3+ 31. Kh2 e4 32. b6 Qf4+ 33. Kg1 Qe3+ 34. Kf1 axb6 35. axb6 Qd3+ 36. Ke1 Qe3+ 1/2-1/2

[Event "CAN-ch"]
[Site "Kitchener CAN"]
[Date "2007.08.03"]
[Round "5"]
[White "Kazmaier, Daniel"]
[Black "Mayo, Alvah"]
[Result "1/2-1/2"]
[WhiteElo "2174"]
[BlackElo "2110"]
[PlyCount "151"]
[GameId "2160767910580051"]
[EventDate "2007.08.01"]
[EventType "swiss"]
[EventRounds "9"]
[EventCountry "CAN"]
[SourceTitle "EXT 2022"]
[Source "ChessBase"]
[SourceDate "2021.10.06"]
[SourceVersion "1"]
[SourceVersionDate "2021.10.06"]
[SourceQuality "1"]

1. e4 e5 2. Nf3 f5 3. Nxe5 Qf6 4. d4 d6 5. Nc4 fxe4 6. Nc3 Qg6 7. d5 Nf6 8. Be3 a6 9. a4 Be7 10. Qd2 Nbd7 11. h3 Rb8 12. Ba7 Ra8 13. Be3 Rb8 14. O-O-O O-O 15. Qd4 b5 16. Na5 Ne5 17. axb5 axb5 18. Nxb5 Ba6 19. Nxc7 Bxf1 20. Rhxf1 Rfc8 21. Ne6 Nd3+ 22. Rxd3 exd3 23. Nc6 Rxc6 24. dxc6 Qxg2 25. Qxd3 Ra8 26. c7 Qxh3 27. Qa6 Bf8 28. Rg1 Rxa6 29. c8=Q Ra1+ 30. Kd2 Ne4+ 31. Ke2 Qh5+ 32. Kd3 Qd5+ 33. Bd4 Nc5+ 34. Nxc5 Rxg1 35. Nd7 Qf3+ 36. Kc4 Ra1 37. Nxf8 Qxf8 38. Qg4 Ra4+ 39. Kb3 Ra8 40. c4 Qf7 41. Kc3 Rf8 42. Qg5 Qf3+ 43. Be3 Qf6+ 44. Qxf6 Rxf6 45. b4 Kf7 46. b5 Ke8 47. Kb4 Kd7 48. Ka5 Kc8 49. Ka6 d5+ 50. b6 dxc4 51. Bd4 Rf7 52. Kb5 c3 53. Bxc3 Rxf2 54. Bxg7 Kb7 55. Kc4 Rf7 56. Bh6 Kxb6 57. Kd3 Kc6 58. Ke4 Kd6 59. Bf4+ Ke6 60. Kf3 Kf5 61. Bg3 Kg5+ 62. Kg2 Kg4 63. Bf2 h5 64. Bg1 Rc7 65. Bh2 Rc2+ 66. Kh1 Ra2 67. Bg1 Kf3 68. Bh2 Kf2 69. Bf4 Ra4 70. Bb8 Rh4+ 71. Bh2 Rc4 72. Bg1+ Kg3 73. Bh2+ Kf3 74. Bg1 Re4 75. Bh2 Re1+ 76. Bg1 1/2-1/2

[Event "CAN-ch"]
[Site "Kitchener CAN"]
[Date "2007.08.03"]
[Round "5"]
[White "Milicevic, Goran"]
[Black "Barron, Michael"]
[Result "0-1"]
[WhiteElo "2302"]
[BlackElo "2228"]
[PlyCount "74"]
[GameId "2160767910580052"]
[EventDate "2007.08.01"]
[EventType "swiss"]
[EventRounds "9"]
[EventCountry "CAN"]
[SourceTitle "EXT 2022"]
[Source "ChessBase"]
[SourceDate "2021.10.06"]
[SourceVersion "1"]
[SourceVersionDate "2021.10.06"]
[SourceQuality "1"]

1. d4 f5 2. Nf3 Nf6 3. Bf4 g6 4. e3 Bg7 5. h3 d6 6. c4 O-O 7. Nc3 c6 8. Be2 Qe8 9. O-O Nbd7 10. d5 a5 11. Nd4 Nc5 12. Bf3 Bd7 13. Qc2 cxd5 14. cxd5 b5 15. Rfc1 b4 16. Nce2 Rc8 17. Qd1 Qf7 18. Nc6 Bxc6 19. dxc6 Nfe4 20. Nd4 e5 21. Nb5 exf4 22. Nxd6 Nxd6 23. Qxd6 Ne4 24. Bxe4 fxe4 25. Rc2 fxe3 26. fxe3 Rfd8 27. Qc5 Qd5 28. Qb6 Be5 29. Rf1 Bc7 30. Qa6 Qd3 31. Qc4+ Qxc4 32. Rxc4 Bb6 33. Rxe4 Rxc6 34. Re7 Rc7 35. Re6 Bc5 36. Rf3 Rd2 37. Kh2 Bd6+ 0-1

[Event "CAN-ch"]
[Site "Kitchener CAN"]
[Date "2007.08.03"]
[Round "5"]
[White "Ochkoos, Jura"]
[Black "Hamilton, Robert"]
[Result "1/2-1/2"]
[WhiteElo "2319"]
[BlackElo "2287"]
[PlyCount "115"]
[GameId "2160767910580054"]
[EventDate "2007.08.01"]
[EventType "swiss"]
[EventRounds "9"]
[EventCountry "CAN"]
[SourceTitle "EXT 2022"]
[Source "ChessBase"]
[SourceDate "2021.10.06"]
[SourceVersion "1"]
[SourceVersionDate "2021.10.06"]
[SourceQuality "1"]

1. e4 e5 2. Nf3 Nc6 3. Bb5 a6 4. Bxc6 dxc6 5. d4 exd4 6. Qxd4 Qxd4 7. Nxd4 Bd7 8. Be3 O-O-O 9. Nc3 Bd6 10. O-O-O Ne7 11. f3 Rde8 12. Nb3 b6 13. Na4 c5 14. Nxb6+ cxb6 15. Rxd6 Bc6 16. Rhd1 Rd8 17. Rxd8+ Rxd8 18. Rxd8+ Kxd8 19. Nd2 Ng6 20. Kd1 Kc7 21. Ke2 Bd7 22. b3 f5 23. g3 Kd6 24. Nc4+ Kc6 25. h4 fxe4 26. fxe4 Bc8 27. Bf4 b5 28. Ne3 c4 29. bxc4 bxc4 30. Nxc4 Be6 31. Ne5+ Nxe5 32. Bxe5 g6 33. a3 Kc5 34. Kd3 Bh3 35. Bg7 Bf1+ 36. Kc3 Bg2 37. Bf8+ Kc6 38. Kd4 h5 39. Bb4 Bf3 40. c4 Be2 41. a4 Bf1 42. a5 Be2 43. Bf8 Bf1 44. Bh6 Be2 45. Be3 Bf1 46. Bf2 Be2 47. c5 Bf3 48. Ke3 Bg2 49. Kf4 Bh1 50. e5 Kd5 51. Kg5 Kxe5 52. Kxg6 Bf3 53. Kg5 Kd5 54. Kf6 Kc6 55. Ke5 Bg4 56. Kf6 Bf3 57. Ke7 Bg4 58. Kd8 1/2-1/2

[Event "CAN-ch"]
[Site "Kitchener CAN"]
[Date "2007.08.03"]
[Round "5"]
[White "Predescu, Sebastian"]
[Black "Gentes, Kevin"]
[Result "1-0"]
[WhiteElo "2236"]
[BlackElo "2307"]
[PlyCount "73"]
[GameId "2160767910580056"]
[EventDate "2007.08.01"]
[EventType "swiss"]
[EventRounds "9"]
[EventCountry "CAN"]
[SourceTitle "EXT 2022"]
[Source "ChessBase"]
[SourceDate "2021.10.06"]
[SourceVersion "1"]
[SourceVersionDate "2021.10.06"]
[SourceQuality "1"]

1. e4 c5 2. Nf3 d6 3. d4 cxd4 4. Nxd4 Nf6 5. Nc3 a6 6. Be3 e6 7. Be2 Be7 8. a4 O-O 9. O-O Nc6 10. f4 Qc7 11. Bf3 Rd8 12. Kh1 Ne5 13. g4 Nxf3 14. Qxf3 d5 15. e5 Ne4 16. Nxe4 dxe4 17. Qg3 Rd5 18. c3 Bd7 19. f5 Rxe5 20. fxe6 fxe6 21. Bf4 Bd6 22. Bxe5 Bxe5 23. Qf2 h6 24. Qf7+ Kh8 25. Nxe6 Qc6 26. Nf8 e3+ 27. Kg1 Rxf8 28. Qxf8+ Kh7 29. Qf3 Qg6 30. h3 Qc2 31. Qg2 e2 32. Rfe1 Bf6 33. Rxe2 Qb3 34. Qe4+ Kh8 35. Rf1 Qb6+ 36. Qe3 Qc6 37. Ref2 1-0